000 00290nam a2200121Ia 4500
008 190802s9999 xx 000 0 und d
020 _a978-0-8153-6853-3
100 _aCalum Chace
245 0 _aArtificial Intelligence
260 _aNew Delhi
_bCRC
_c2018
300 _a375:P
942 _cBK
999 _c2136
_d2136